Teoría de la estructura organizacional (Registro nro. 2515)

Detalles MARC
000 -LEADER
fixed length control field 01121 a2200193 4500
001 - CONTROL NUMBER
control field 34962
005 - DATE AND TIME OF LATEST TRANSACTION
control field 20260407155634.0
008 - FIXED-LENGTH DATA ELEMENTS--GENERAL INFORMATION
fixed length control field 260407a1976 arg spa d
003 - CONTROL NUMBER IDENTIFIER
control field AR-UNSa-BCEJYS
040 ## - CATALOGING SOURCE
Original cataloging agency AR-UNSa-BCEJYS
Language of cataloging spa
Transcribing agency AR-UNSa-BCEJYS
080 ## - UNIVERSAL DECIMAL CLASSIFICATION NUMBER
Universal Decimal Classification number 658.014
Common auxiliary subdivision Estructura organizativa. Jerarquización. (Organigrama)
100 1# - MAIN ENTRY--PERSONAL NAME
Personal name Hermida, Jorge Alfredo
245 10 - TITLE STATEMENT
Title Teoría de la estructura organizacional
264 #1 - PRODUCTION, PUBLICATION, DISTRIBUTION, MANUFACTURE, AND COPYRIGHT NOTICE
Place of production, publication, distribution, manufacture Buenos Aires :
Name of producer, publisher, distributor, manufacturer El Coloquio
Date of production, publication, distribution, manufacture, or copyright notice 1976
300 ## - PHYSICAL DESCRIPTION
Extent 250 p.
Dimensions 21 cm.
505 ## - FORMATTED CONTENTS NOTE
Formatted contents note 1. Concepción semántica del término estructura - 2. Concepción metodológica de las estructuras - 3. Límites y niveles de aplicación del concepto de estructura en la ciencia de la administración - 4. Evolución del concepto de estructura desde el enfoque formalista y organismico hasta el enfoque científico - 5. Hipótesis fundamentales para elaborar una teoría de la estructura organizacional - 6. Análisis de los conceptos básicos de la estructura de la organización - 7. Formulación de una teoría de la estructura organizacional.
590 ## - LOCAL NOTE (RLIN)
Local note niveau_biblio:m niveau_hierar:0
942 ## - ADDED ENTRY ELEMENTS (KOHA)
Koha item type
Existencias
Withdrawn status Lost status Damaged status Not for loan Home library Current library Shelving location Date acquired Total checkouts Full call number Barcode Date last seen Price effective from Koha item type
        Biblioteca Prof. Eusebio Cleto del Rey Biblioteca Prof. Eusebio Cleto del Rey   07/04/2026   658.014 H554 L28576 07/04/2026 07/04/2026 Libro
        Biblioteca Prof. Eusebio Cleto del Rey Biblioteca Prof. Eusebio Cleto del Rey   07/04/2026   658.014 H554 L28577 07/04/2026 07/04/2026 Libro
        Biblioteca Prof. Eusebio Cleto del Rey Biblioteca Prof. Eusebio Cleto del Rey   07/04/2026   658.014 H554 L39648 07/04/2026 07/04/2026 Libro
        Biblioteca Prof. Eusebio Cleto del Rey Biblioteca Prof. Eusebio Cleto del Rey   07/04/2026   658.014 H554 L39649 07/04/2026 07/04/2026 Libro